International Business: Environment's and Operations (Record no. 2414)

MARC details
000 -LEADER
fixed length control field 00443nam a22001697a 4500
005 - DATE AND TIME OF LATEST TRANSACTION
control field 20180327110814.0
008 - FIXED-LENGTH DATA ELEMENTS--GENERAL INFORMATION
fixed length control field 160611b xxu||||| |||| 00| 0 eng d
020 ## - INTERNATIONAL STANDARD BOOK NUMBER
ISBN 9788129704115
041 ## - LANGUAGE CODE
Language code of text/sound track or separate title eng
082 ## - DEWEY DECIMAL CLASSIFICATION NUMBER
Item number 6931
Classification number 338.88
100 ## - MAIN ENTRY--AUTHOR NAME
Personal name Daniels, John d & Others
245 ## - TITLE STATEMENT
Title International Business: Environment's and Operations
260 ## - PUBLICATION, DISTRIBUTION, ETC. (IMPRINT)
Place of publication Delhi
Name of publisher pearson education
300 ## - PHYSICAL DESCRIPTION
Number of Pages 666
650 ## - SUBJECT ADDED ENTRY--TOPICAL TERM
Topical Term Management
942 ## - ADDED ENTRY ELEMENTS (KOHA)
Koha item type Books
Holdings
Lost status Damaged status Collection code Home library Current library Shelving location Date acquired Cost, normal purchase price Full call number Accession Number Koha item type
    Reference JRU Library   SHELF-29-E 11/06/2016 399.00 338.88 6931 Books
    MANAGEMENT JRU Library JRU Library SHELF-61-E 11/06/2016 399.00 338.88 6932 Books
    MANAGEMENT JRU Library JRU Library SHELF-61-E 11/06/2016 399.00 338.88 6933 Books
      JRU Library   SHELF-30-D 11/06/2016 399.00 338.88 6934 Books